000 00567nam a2200205Ia 4500
005 20250326143922.0
008 250326s9999 xx 000 0 und d
037 _aTextbook
040 _aFMSL
_beng
_cFMSL
041 _aeng
_2eng
084 _aX:9 P8
_qFMSL
100 _aOsborne C
_912392
245 0 _aHuman resource management in the public sector
_cOsborne C
260 _aNY
_bNY, Routledge
_c2008
300 _a150p
365 _b441548.66600000003
650 _aHuman Resource Management
942 _cTB
_hX:9 P8
999 _c1301618
_d1301618